000 00577nam a2200193 4500
003 OSt
005 20160412171605.0
008 160412b xxu||||| |||| 00| 0 eng d
020 _a9966465812
040 _c040a
082 _a320
_bLEY 1975
100 _aLeys, Colin
_97754
245 _aUnderdevelopment in kenya :
_bthe political economy of neo-colonialism 1964-1971 /
_cColin Leys
260 _aNairobi
_bEast African educational publishers
_c1975
300 _axv, 284p;
_bill :
_c12 cm
504 _aincludes index
650 _aunderdevelopment
_97755
942 _2ddc
_cSLOAN
999 _c3472
_d3472